000 00715nam a22001937a 4500
005 20250731105143.0
010 _aHIN-130072
020 _a9788195767151
_c200.00
035 _aHN-102418
037 _bDBAD
082 _a230.2
100 _aशर्मा राम रक्षपाल
_983515
245 _aगीता ज्ञान सुधा /
_bराम रक्षपाल शर्मा
260 _aलुधियाना
_bरीड ट्री इंटरनेशनल
_c2022
270 _aलुधियाना-141010
300 _a100पृ.
_c21.2सेमी (अजिल्द)
700 _983490
942 _2ddc
_cHN
_h230.2
_mशर्मारा
999 _c212735
_d212735